| 000 | 01235cam a2200133 4500500 | ||
|---|---|---|---|
| 005 | 20250921001005.0 | ||
| 041 | _afre | ||
| 042 | _adc | ||
| 100 | 1 | 0 |
_aFleury, Laurent _eauthor |
| 245 | 0 | 0 | _aLe cas Beaubourg : Mécénat d’État et démocratisation de la culture |
| 260 |
_bArmand Colin,
_c2007. |
||
| 520 | _aCet ouvrage revient sur une expérience unique, qui aura conjugué le volontarisme présidentiel et l’idéal de démocratisation de la culture. Il en propose une histoire et une sociologie institutionnelles (exploitant une trentaine d’entretiens avec de grands protagonistes: Chaban-Delmas, Messmer, Pierre Boulez, François Mathey, Blaise Gautier, Pontus Hulten, etc.) avant de se tourner vers le public et la manière dont il a reçu et s’est approprié l’expérience.L’auteur éclaire cette articulation spécifique entre politique, institution et pratiques culturelles dont le Centre Pompidou est resté le modèle et s’efforce d’en dégager les grands enseignements, face aux incertitudes qui pèsent aujourd’hui sur le débat culturel et les modalités d’implication de l’État. | ||
| 856 | 4 | 1 | _uhttps://shs.cairn.info/le-cas-beaubourg--9782200347550?lang=fr&redirect-ssocas=7080 |
| 999 |
_c1503887 _d1503887 |
||